000 00610nam a2200193Ia 4500
005 20260120124606.0
008 008 260114s9999 xx 000 0 eng d
020 _a9781849506014
037 _aEBOOK
040 _aCRL
_beng
_cCRL
041 _aeng
_2eng
084 _qCRL
245 0 _aCredit, Currency, or Derivatives: Instruments of Global Financial Stability Or crisis?
260 _bEmerald Publishing
_c2009
700 _aMichael G. Papaioannou
_9908160
856 _uhttps://www.emerald.com/insight/publication/doi/10.1108/S1569-3767(2009)10
942 _cEBOOK
999 _c1500049
_d1500049